<?xml version="1.0" encoding="UTF-8"?><?xml-stylesheet type="text/xsl" href="static/style.xsl"?><OAI-PMH xmlns="http://www.openarchives.org/OAI/2.0/" xmlns:xsi="http://www.w3.org/2001/XMLSchema-instance" xsi:schemaLocation="http://www.openarchives.org/OAI/2.0/ http://www.openarchives.org/OAI/2.0/OAI-PMH.xsd"><responseDate>2026-04-14T02:32:39Z</responseDate><request verb="GetRecord" identifier="oai:www.recercat.cat:10230/43787" metadataPrefix="marc">https://recercat.cat/oai/request</request><GetRecord><record><header><identifier>oai:recercat.cat:10230/43787</identifier><datestamp>2025-12-24T08:38:54Z</datestamp><setSpec>com_2072_6</setSpec><setSpec>col_2072_452952</setSpec></header><metadata><record xmlns="http://www.loc.gov/MARC21/slim" xmlns:dcterms="http://purl.org/dc/terms/" xmlns:xsi="http://www.w3.org/2001/XMLSchema-instance" xmlns:doc="http://www.lyncode.com/xoai" xsi:schemaLocation="http://www.loc.gov/MARC21/slim http://www.loc.gov/standards/marcxml/schema/MARC21slim.xsd">
   <leader>00925njm 22002777a 4500</leader>
   <datafield ind2=" " ind1=" " tag="042">
      <subfield code="a">dc</subfield>
   </datafield>
   <datafield ind2=" " ind1=" " tag="720">
      <subfield code="a">Sampera Borràs, Aïda, 1990-</subfield>
      <subfield code="e">author</subfield>
   </datafield>
   <datafield ind2=" " ind1=" " tag="720">
      <subfield code="a">Sánchez-Martín, Francisco Javier</subfield>
      <subfield code="e">author</subfield>
   </datafield>
   <datafield ind2=" " ind1=" " tag="720">
      <subfield code="a">Arpí Llucià, Oriol</subfield>
      <subfield code="e">author</subfield>
   </datafield>
   <datafield ind2=" " ind1=" " tag="720">
      <subfield code="a">Visa Turmo, Laura</subfield>
      <subfield code="e">author</subfield>
   </datafield>
   <datafield ind2=" " ind1=" " tag="720">
      <subfield code="a">Iglesias Coma, Mar</subfield>
      <subfield code="e">author</subfield>
   </datafield>
   <datafield ind2=" " ind1=" " tag="720">
      <subfield code="a">Menéndez, Silvia</subfield>
      <subfield code="e">author</subfield>
   </datafield>
   <datafield ind2=" " ind1=" " tag="720">
      <subfield code="a">Gaye, Élisabeth</subfield>
      <subfield code="e">author</subfield>
   </datafield>
   <datafield ind2=" " ind1=" " tag="720">
      <subfield code="a">Dalmases Massegú, Alba, 1982-</subfield>
      <subfield code="e">author</subfield>
   </datafield>
   <datafield ind2=" " ind1=" " tag="720">
      <subfield code="a">Clavé Safont, Sergi</subfield>
      <subfield code="e">author</subfield>
   </datafield>
   <datafield ind2=" " ind1=" " tag="720">
      <subfield code="a">Gelabert-Baldrich, Mariona</subfield>
      <subfield code="e">author</subfield>
   </datafield>
   <datafield ind2=" " ind1=" " tag="720">
      <subfield code="a">Tuxen Poulsen, Thomas</subfield>
      <subfield code="e">author</subfield>
   </datafield>
   <datafield ind2=" " ind1=" " tag="720">
      <subfield code="a">Kragh, Michael</subfield>
      <subfield code="e">author</subfield>
   </datafield>
   <datafield ind2=" " ind1=" " tag="720">
      <subfield code="a">Bellosillo Paricio, Beatriz</subfield>
      <subfield code="e">author</subfield>
   </datafield>
   <datafield ind2=" " ind1=" " tag="720">
      <subfield code="a">Albanell Mestres, Joan</subfield>
      <subfield code="e">author</subfield>
   </datafield>
   <datafield ind2=" " ind1=" " tag="720">
      <subfield code="a">Rovira Guerín, Ana</subfield>
      <subfield code="e">author</subfield>
   </datafield>
   <datafield ind2=" " ind1=" " tag="720">
      <subfield code="a">Rovira Guerín, Ana</subfield>
      <subfield code="e">author</subfield>
   </datafield>
   <datafield ind2=" " ind1=" " tag="720">
      <subfield code="a">Montagut Viladot, Clara</subfield>
      <subfield code="e">author</subfield>
   </datafield>
   <datafield ind2=" " ind1=" " tag="260">
      <subfield code="c">2020-03-04T08:25:13Z</subfield>
   </datafield>
   <datafield ind2=" " ind1=" " tag="260">
      <subfield code="c">2019</subfield>
   </datafield>
   <datafield ind2=" " ind1=" " tag="520">
      <subfield code="a">Despite the clinical benefit of trastuzumab, eventually all HER2-amplified gastric cancer tumors develop drug resistance. We aimed to identify molecular mechanisms of acquired resistance to trastuzumab in gastric cancer by using well-established cell line-based preclinical models, as well as samples from patients with HER2-positive gastric cancer treated with trastuzumab. We studied trastuzumab resistance in NCI-N87 and OE19, two gastric cancer cell lines that overexpress HER2 receptor and are trastuzumab sensitive. Differences at protein, DNA, and RNA levels between the parental and resistant cells were characterized and functional studies were performed. Paired pre- and post-trastuzumab blood and tissue samples from patients with gastric cancer treated with trastuzumab were analyzed. We found that resistant cells were associated with increased activation of MAPK/ERK and PI3K/mTOR pathways driven by SRC activation. Upstream, resistant cells showed increased coexpression of multiple HER-family ligands that allowed for compensatory activation of alternative HER receptors upon HER2 blockade. Simultaneous inhibition of EGFR, HER2, and HER3 by the novel antibody mixture, Pan-HER, effectively reverted trastuzumab resistance in vitro and in vivo Similarly, an increase in HER-family ligands was observed in serum and tumor from patients with gastric cancer after trastuzumab therapy. We propose that trastuzumab resistance in gastric cancer is mediated by HER-family ligand upregulation that allows a compensatory activation of HER receptors and maintains downstream signaling activation despite trastuzumab therapy. Resistance is reverted by simultaneous inhibition of EGFR, HER2, and HER3, thereby revealing a potential therapeutic strategy to overcome trastuzumab resistance in patients with gastric cancer.</subfield>
   </datafield>
   <datafield tag="653" ind2=" " ind1=" ">
      <subfield code="a">Aparell digestiu -- Càncer -- Tractament</subfield>
   </datafield>
   <datafield ind2="0" ind1="0" tag="245">
      <subfield code="a">HER-family ligands promote acquired resistance to trastuzumab in gastric cancer</subfield>
   </datafield>
</record></metadata></record></GetRecord></OAI-PMH>